000 00366nam a2200145Ia 4500
008 090124s9999 xx 000 0 und d
082 _b301742
245 _a पंचनामा
250 _a1
260 _bदिघे प्रभाकर
_c1986
300 _a186
630 _a पंचनामा
730 _a पंचनामा
942 _cBOOK
999 _c191327
_d191327